000 00361nam a2200121Ia 4500
008 200619s9999 xx 000 0 und d
100 _aShashi Maurya
245 0 _aMahila Virudha Himsha ka Mamale Sulajate Mahila Sanda
264 _aMadhya Pradesh
_bShashi Maurya
_c2010
300 _a30
942 _cIR
999 _c120396
_d120396